Countries with over 99% literacy rate - Statistics

General Stats
  • This quiz has been taken 415 times
    211 since last reset
  • The average score is 14 of 25
Answer Stats
Hint Answer % Correct
100% Finland
77%
100% Lichtenstein
77%
100% Luxembourg
76%
100% Andorra
73%
99.8% Estonia
72%
100% Vatican city
72%
99.8% Latvia
71%
99.7% Lithuania
71%
99.7% Russia
68%
99.7% Poland
66%
99.7% Ukraine
65%
99.6% Belarus
64%
99.6% Slovakia
61%
99.7% Slovenia
56%
99.7% Georgia
45%
99.6% Armenia
43%
99.8% Azerbaijan
42%
99.4% Uzbekistan
41%
99.7% Kazakhstan
40%
99.7% Tajikistan
40%
99.6% Turkmenistan
39%
99.2% Kyrgyzstan
38%
100% North korea
36%
99.8% Cuba
30%
99.7% Barbados
12%
No matching quizzes found
Score Distribution
Percent of People with Each Score
Percentile by Number Answered
Your Score History
You have not taken this quiz since the last reset